| 000 | 02157nam a22002537a 4500 | ||
|---|---|---|---|
| 003 | Uzh_bibl | ||
| 008 | 260515b |||||||| |||| 00| 0 ukr d | ||
| 020 |
_a978-617-679-205-5 _c30.00 |
||
| 040 | _bукр. | ||
| 041 |
_2pol _aukr |
||
| 080 | _a821(438) | ||
| 090 |
_a821(438) _bҐ 64 |
||
| 100 | _aҐомбрович,Вітольд | ||
| 245 |
_aТранс-Атлантик _cпер. з пол.Андрій Бондар _hТекст |
||
| 260 |
_aЛьвів _bВидавництво Старого Лева _c2015 |
||
| 300 |
_a160 с. _fВ опр. |
||
| 520 | _a«Транс-Атлантик» – це єдиний твір Ґомбровича, всі події якого розгортаються не в Польщі. А проте саме зв’язок з Вітчизною залишається осердям, в яке автор спрямовує вістря свого гротескного письма. Історія, розказана від першої особи, піддає випробуванню ідеї святощів, традиції й самототожності, через що ця книжка свого часу спровокувала гостру критику автора з боку співвітчизників. Втім, як і всяка добра метафора, ця оповідь може сказати більше, ніж те, що лежить на поверхні. Та передовсім «Транс-Атлантик» – це художній експеримент, який припаде до смаку поціновувачам стилістичної вправності.Текст повісті доповнено авторськими передмовами, які допоможуть читачеві краще зрозуміти задум автора. | ||
| 521 | _aДля широкого кола читачів | ||
| 546 | _aукр. | ||
| 650 | _aЛітературно-художнє видання | ||
| 653 |
_aЗв'язок з Вітчизною _aТрадиції _aПольща |
||
| 655 |
_aПроза _vРоман |
||
| 942 |
_2udc _cBK |
||
| 999 |
_c17779 _d17779 |
||